000 00467nam a22001817a 4500
003 NUST - PNEC
005 20170116181020.0
008 150912b xxu||||| |||| 00| 0 eng d
020 _a0070728151
040 _cLIBRARY
082 _a621.4021 ZEM
100 _99912
_a Zemansky, Mark W.
245 _aBasic Engineering thermodynamics
_cMark W. Zemansky
250 _a2nd ed.
260 _cc.1975
650 _99910
_aMechanical engineering
_xME
942 _2ddc
_cBK
999 _c67380
_d67380